| 000 | 00521nam a22001937a 4500 | ||
|---|---|---|---|
| 999 |
_c6994 _d6994 |
||
| 003 | OSt | ||
| 005 | 20210604162626.0 | ||
| 008 | 210604b ||||| |||| 00| 0 eng d | ||
| 020 | _a0716760398 | ||
| 040 | _cDDC | ||
| 082 | _a574.5 SMI 2001. | ||
| 100 |
_aSmil,Vaclav; _914348 |
||
| 245 | _aCycles of Life.Civilization and the Biosphere. | ||
| 260 |
_aNew York. _bScientific American Library. _c2001 |
||
| 300 |
_ax,221p; _bill; _c23cm. |
||
| 504 | _aincludes index. | ||
| 650 |
_aBiology. _95602 |
||
| 942 |
_2ddc _cN_PAPAER |
||